Normal view
MARC view
Entry Personal Name
001 - CONTROL NUMBER
- control field: 15010
003 - CONTROL NUMBER IDENTIFIER
- control field: OSt
005 - DATE AND TIME OF LATEST TRANSACTION
- control field: 20191015074838.0
008 - FIXED-LENGTH DATA ELEMENTS
- fixed length control field: 191015|| aca||aabn | a|a d
040 ## - CATALOGING SOURCE
- Original cataloging agency: OSt
- Transcribing agency: OSt
100 ## - HEADING--PERSONAL NAME
- Personal name: Takami, Koushun.
670 ## - SOURCE DATA FOUND
- Source citation: Work cat.: (OSt): Takami, Koushun., Battle royale: remastered /, 2014.